Sistemas operativos Principios de Diseño e interioridades / William Stallings (Registro nro. 17002)
[ vista simple ]
| 000 -LÍDER | |
|---|---|
| fixed length control field | 00514nam a2200157 4500 |
| 008 - ELEMENTOS DE LONGITUD FIJA -- INFORMACIÓN GENERAL | |
| fixed length control field | 0 2001 0a 000 0ESP |
| 020 ## - NÚMERO INTERNACIONAL NORMALIZADO PARA LIBROS | |
| ISBN | 84-205-3177-4 |
| 050 ## - SIGNATURA TOPOGRAFICA DE LA BIBLIOTECA DEL CONGRESO (LC) | |
| Número de Clasificación | QA76.76.O63 S7218 2001 |
| 082 ## - NUMERO DE CLASIFICACION DECIMAL DEWEY | |
| Número de Clasificación | 001.64 S862s |
| 100 ## - ASIENTO PRINCIPAL--NOMBRE PERSONAL | |
| Nombre personal | Stallings, William |
| 245 ## - TÍTULO | |
| Título | Sistemas operativos Principios de Diseño e interioridades / William Stallings |
| 250 ## - MENCIÓN DE EDICIÓN | |
| Mención de edición | 4 |
| 260 ## - PUBLICACIÓN, DISTRIBUCIÓN, ETC. (PIE DE IMPRENTA) | |
| Lugar de publicación, distribución, etc. | Madrid, España : Pearson Educación |
| 300 ## - DESCRIPCIÓN FÍSICA | |
| Extensión | 800 p. / 25 cm. |
| 650 ## - ASIENTO SECUNDARIO DE MATERIA - TERMINO TEMÁTICO | |
| Término temático o nombre geográfico como elemento de entrada | 1.COMPUTADORAS ELECTRONICAS DIGITALES-PROGRAMACION |
| No. biblioteca | No. biblioteca | Número de clasificación | Código de barras/Número de adquisición | Número de copia | Tipo de material |
|---|---|---|---|---|---|
| LUIS G. INCLAN | LUIS G. INCLAN | 001.64 S862s | 43411 | 1 | Libros |
| LUIS G. INCLAN | LUIS G. INCLAN | 001.64 S862s | 43412 | 2 | Libros |
| LUIS G. INCLAN | LUIS G. INCLAN | 001.64 S862s | 44097 | 3 | Libros |
| LUIS G. INCLAN | LUIS G. INCLAN | 001.64 S862s | 44098 | 4 | Libros |
| LUIS G. INCLAN | LUIS G. INCLAN | 001.64 S862s | 45034 | 5 | Libros |
| LUIS G. INCLAN | LUIS G. INCLAN | 001.64 S862s | 45035 | 6 | Libros |
| LUIS G. INCLAN | LUIS G. INCLAN | 001.64 S862s | 45036 | 7 | Libros |
| LUIS G. INCLAN | LUIS G. INCLAN | 001.64 S862s | 45037 | 8 | Libros |
| LUIS G. INCLAN | LUIS G. INCLAN | 001.64 S862s | 45038 | 9 | Libros |
| LUIS G. INCLAN | LUIS G. INCLAN | 001.64 S862s | 45039 | 10 | Libros |
| LUIS G. INCLAN | LUIS G. INCLAN | 001.64 S862s | 45040 | 11 | Libros |
